Hokejové kluby sveta /

Hlavní autor: König, Pavel
Další autoři: Königová, Mia
Jazyk: Slovenština
Vydáno: Bratislava : Mladé letá, 1978
Vydání: 1. vyd.
Edice: Atlásky
Fyzický popis: 1 sv. (nestr.) : il.
Knihy
Uloženo v:
LEADER 01040nam a22002892a 4500
001 000903359
003 CZ BrMZK
005 20080704072722.0
007 ta
008 080703s1978 xo a br|||||||||||slo d
040 |a ABA001  |b cze  |c ABA001  |d ABA001  |d BOA001 
080 9 |a 061.2:796.966]:003.62(100)(083.8:084.1)=854 
080 9 |a 796.966:[061.2:003.62(100)(083.8:084.1)=854 
100 1 |a König, Pavel  |7 xx0041635  |4 aut 
245 1 0 |a Hokejové kluby sveta /  |c Pavel König, Mia Köinigová ; ilustrovali Oto Bachorík, Maria Bachoríková 
250 |a 1. vyd. 
260 |a Bratislava :  |b Mladé letá,  |c 1978 
300 |a 1 sv. (nestr.) :  |b il. 
490 1 |a Atlásky 
521 1 |a Děti od 9 rokov 
700 1 |a Königová, Mia  |7 xx0041634  |4 aut 
830 0 |a Atlásky 
910 |a BOA001  |b 1-0789.294 
990 |a BK 
991 |b 200806 
996 6 |b 2619542164  |c 1-0789.294  |l MZK  |r Sklad / do 1 hodiny  |n 0  |w 001067478  |u 000020  |a 1  |e BOA001  |j MZK50  |s P 
996 7 |b 2619542165  |c 1-0789.294  |l MZK  |r Sklad / do 1 hodiny  |n 0  |w 001067478  |u 000010  |a 1  |e BOA001  |j MZK50  |s A